LIBRARY & INFORMATION CENTRE, KCAET, TAVANUR

ONLINE PUBLIC ACCESS CATALOGUE (OPAC)

Farm tractor: Maintenance and repair / (Record no. 206)

MARC details
000 -LEADER
fixed length control field 00794cam a2200325ua 4500
020 ## - INTERNATIONAL STANDARD BOOK NUMBER
ISBN 0-07-451693-0
041 ## - LANGUAGE CODE
Language code of text/sound track or separate title eng
082 ## - DEWEY DECIMAL CLASSIFICATION NUMBER
Classification number 631.372
Item number JAI/FA
100 ## - MAIN ENTRY--AUTHOR NAME
Personal name Jain, S C.
245 ## - TITLE STATEMENT
Title Farm tractor: Maintenance and repair /
250 ## - EDITION STATEMENT
Edition statement 1 /
260 ## - PUBLICATION, DISTRIBUTION, ETC. (IMPRINT)
Place of publication New Delhi :
Name of publisher Tata Mc-Graw Hill Publishing Company ,
Year of publication 1984.
300 ## - PHYSICAL DESCRIPTION
Number of Pages 256 ; .
700 1# - ADDED ENTRY--PERSONAL NAME
Personal name Rai, C R.
700 1# - ADDED ENTRY--PERSONAL NAME
Personal name Rai, C R.
942 ## - ADDED ENTRY ELEMENTS (KOHA)
Koha item type Books
Holdings
Withdrawn status Lost status Damaged status Home library Current library Date acquired Full call number Accession Number Koha item type Shelving location Collection code
      KAUAET KAUAET 01/12/1988 631.372 16458 Books    
    Damaged KAUAET KAUAET 07/04/2012 631.372 14723 Books    
      KAUAET KAUAET 07/04/2012 631.372 18881 Books    
Withdrawn     KAUAET KAUAET 01/12/1988 631.372 16456 Books    
      KAUAET KAUAET 01/12/1988 631.372 16462 Books    
      KAUAET KAUAET 01/12/1988 631.372 16465 Books Binding Shelf  
      KAUAET KAUAET 01/12/1988 631.372 16457 Books    
      KAUAET KAUAET 01/12/1988 631.372 16463 Books Binding Shelf  
Withdrawn     KAUAET KAUAET 07/04/2012 631.372 14721 Books    
      KAUAET KAUAET 01/12/1988 631.372 16464 Books    
      KAUAET KAUAET 07/04/2012 631.372 15672 Books    
      KAUAET KAUAET 01/12/1988 631.372 JAI/FA 16460 Books General Stacks Non-fiction
      KAUAET KAUAET 15/09/2018 631.372 JAI/FA 18880 Book Bank scheme for SC students Scheme  
free website counter